[Event "Legislatura Portena Open 2019"]
[Site "Buenos Aires"]
[Date "2019.03.29"]
[Round "9.2"]
[White "Garcia Palermo, Carlos"]
[Black "Alonso, Salvador"]
[Result "1-0"]
[WhiteElo "2407"]
[BlackElo "2497"]
[Annotator "TA"]
[PlyCount "137"]
[EventDate "2019.03.20"]
[EventType "swiss"]
[EventCountry "ARG"]
[SourceTitle "playchess.com"]
[Source "ChessBase"]
[SourceQuality "1"]

{[%evp 9,137,35,37,35,29,4,14,21,21,9,22,21,20,19,9,12,24,16,11,0,0,0,0,0,29,36,41,13,30,16,19,16,25,15,36,0,0,0,33,10,29,20,14,2,1,1,81,9,4,0,75,21,52,0,0,0,0,0,60,62,373,381,576,573,633,30,56,49,49,26,56,56,39,49,50,74,232,56,79,58,76,87,98,70,255,278,291,288,286,286,276,269,278,274,387,364,309,309,566,563,563,555,567,567,560,560,556,549,540,519,526,526,526,429,389,367,380,290,29982,29983,29983,29984,29984,29985,29985,29986,29986,29982,29998,29999]} 1. d4 Nf6 2. c4 g6 3. f3 d5 4. cxd5 Nxd5 5. e4 Nb6 6. Be3 {D70: Grünfeld: Unusual White 3rd moves (met by ...d5)} (6. Nc3 Bg7 7. Be3 O-O 8. Qd2 e5 9. d5 c6 10. Rd1 cxd5 11. exd5 N8d7 12. Nh3 e4 13. fxe4 Ne5 14. Nf2 f5 15. Bc5 Rf7 16. Be2 f4 17. Bf3 {½-½ (25) Aronian,L (2805)-Vachier Lagrave,M (2789) London 2017}) 6... Bg7 7. Qd2 e5 $146 {[%cal Re5d4]} ({Predecessor:} 7... c6 8. Nc3 Be6 9. O-O-O Bc4 10. Nge2 Qd6 11. b3 Qa3+ 12. Qb2 Qxb2+ 13. Kxb2 Ba6 {½-½ (50) Garcia Palermo,C (2450)-Darcyl,T (2405) Buenos Aires 2017}) 8. d5 {The position is equal.} c6 {[%cal Rc6d5]} 9. Nc3 cxd5 10. Bb5+ Bd7 {aiming for ...d4.} 11. Bxb6 axb6 12. Bxd7+ Nxd7 {[%cal Bb8d7,Bd7c5,Bc5b3,Bb3a1][%mdl 32]} 13. Nxd5 Nc5 14. Ne2 Nb3 $1 {[%cal Rb3d2]} 15. Qc3 $1 {[%cal Rc3b3]} Nxa1 16. Nc7+ Kd7 17. Nxa8 Qxa8 18. O-O Rc8 19. Qd2+ Ke8 20. Rxa1 Qa4 21. Rd1 Bf8 22. b3 Qc6 23. Kf1 Qe6 24. Qd3 Bc5 25. b4 Be7 26. Nc3 Qc4 27. Nd5 b5 (27... Bg5 $11 {keeps the balance.}) 28. a3 (28. Qxc4 $16 bxc4 29. Ke2) 28... Bg5 $11 29. g3 Kf8 (29... h5 $11 {remains equal.}) 30. h4 (30. Nb6 $16 Qxd3+ 31. Rxd3 Rc1+ 32. Kg2) 30... Bd8 31. Ke2 (31. Qxc4 $1 $14 bxc4 32. a4) 31... Qa2+ 32. Rd2 $1 {[%cal Rd2a2]} Qa1 $1 {[%cal Ra1g1] Strongly threatening ...Qg1.} 33. Ne3 Kg7 ({Black should play} 33... Qg1 $11 34. Qd7 (34. Qxb5 Bf6 $17) 34... Ra8) 34. Qd7 $1 $36 {[%cal Rd7c8][%mdl 2112] Double Attack. White is pushing.} Rb8 $2 {[%mdl 8192]} (34... Qc1 $1 $14) 35. Qe8 $1 $18 Bc7 (35... Bxh4 $142 36. Qxb8 Bxg3) 36. Qe7 Bb6 37. Nd5 $2 (37. Ng4 $1 $18 {Threatening mate with Qf6+.} h5 38. Qf6+ Kg8 39. Nh6+ {[%mdl 64] Double Attack} (39. Qxb6 hxg4 40. Rd8+ Rxd8 $11) 39... Kh7 40. g4 (40. Qxb6 Kxh6 41. Qxb5 Rc8 $11) (40. Nxf7 Qg1 $11) 40... hxg4 41. Nxg4) 37... Bd4 38. Qf6+ Kg8 $1 39. Ne7+ Kf8 40. Nxg6+ hxg6 41. Qh8+ Ke7 42. Qxb8 $14 {[%mdl 4096] Endgame KQR-KQB} Qc3 $2 {[#]} (42... Qh1 $16) 43. Qxb7+ $2 (43. Rxd4 $1 $18 exd4 (43... Qxd4 44. Qxb7+) 44. Qe5+ (44. Qxb7+ Kf6 $14) 44... Kd8 45. Qg5+ (45. Qxb5 Qe3+ 46. Kd1 Qxf3+ 47. Kd2 Qg2+ 48. Kd1 Qxe4 $11) 45... Kd7 46. Qxb5+ {[%mdl 64] Double Attack} Kd8 47. Qd5+ (47. Qxb7 Qe3+ 48. Kd1 Qxf3+ 49. Kd2 Qc3+ 50. Ke2 Qe3+ 51. Kf1 Qf3+ 52. Ke1 Qxg3+ 53. Kf1 Qf3+ 54. Ke1 Qg3+ 55. Kd2 Qe3+ 56. Kc2 Qc3+ 57. Kd1 Qf3+ 58. Ke1 Qg3+ $11) 47... Ke8 48. Qb5+ (48. Qxb7 Qe3+ 49. Kd1 Qxf3+ 50. Kd2 Qc3+ 51. Ke2 Qe3+ 52. Kf1 Qf3+ 53. Ke1 Qxg3+ 54. Ke2 Qe3+ 55. Kf1 Qf3+ 56. Ke1 Qg3+ 57. Ke2 Qe3+ 58. Kf1 Qh3+ 59. Kg1 Qg3+ 60. Kf1 Qh3+ 61. Kf2 Qe3+ 62. Kf1 $11) 48... Kd8 49. Qd3 (49. Qxb7 Qe3+ 50. Kd1 Qd3+ 51. Ke1 Qe3+ 52. Kd1 Qd3+ 53. Kc1 Qxa3+ 54. Kd2 Qc3+ 55. Ke2 Qe3+ 56. Kd1 Qxf3+ 57. Kc2 Qc3+ 58. Kb1 Qe1+ 59. Ka2 Qf2+ 60. Kb1 Qe1+ 61. Ka2 Qf2+ 62. Kb1 Qe1+ $11)) 43... Kf8 44. Qxb5 {Rxd4! is the strong threat.} Qe3+ 45. Kd1 {Threatens to win with Qd3.} Qxf3+ {[#]} 46. Qe2 $1 {[%cal Re2f3]} Qxa3 $2 (46... Qb3+ $1 $14 47. Rc2 Qxg3) 47. Qd3 $18 Qxb4 {[#]} 48. Ke2 $1 Qa4 49. Kf3 Kg7 50. Kg2 Qa1 51. Rd1 Qa2+ (51... Qa8 $142 52. Qf3 Qa2+ 53. Kh3 Qe6+ 54. g4 Bc5) 52. Kh3 Qe6+ 53. g4 Qf6 $2 (53... Qa2 {was necessary.} 54. Qf3 Qe6) 54. Rf1 Qe6 55. Rf3 Qa2 {intending ...Bg1.} 56. Qb3 Qa7 57. Qd5 Qe7 58. g5 Qc7 59. Kg3 Bc3 60. Rf1 Bb2 61. Qd2 Bd4 62. Qd3 Qa7 {If Black can now play ...Be3 this consolidates a bit.} 63. Qf3 Qa2 $2 (63... Kg8 $18 64. Qf6 Qd7) 64. h5 {White mates.} gxh5 65. Qf6+ Kh7 {[#]} 66. g6+ $1 {[%mdl 512]} fxg6 67. Qe7+ Kh6 68. Qf8+ Kg5 {[#]} 69. Rf5+ $1 {[%mdl 512] Accuracy: White = 58%, Black = 39%.} 1-0

[Event "Legislatura Portena Open 2019"]
[Site "Buenos Aires"]
[Date "2019.03.29"]
[Round "9.3"]
[White "Ricardi, Pablo"]
[Black "Dolezal, Cristian"]
[Result "0-1"]
[WhiteElo "2485"]
[BlackElo "2392"]
[Annotator "TA"]
[PlyCount "112"]
[EventDate "2019.03.20"]
[EventType "swiss"]
[EventCountry "ARG"]
[SourceTitle "playchess.com"]
[Source "ChessBase"]
[SourceQuality "1"]

{[%evp 15,112,13,10,0,18,8,14,16,7,12,24,-14,-11,-31,-32,-50,-50,-50,-50,-50,-50,-74,-65,-101,-88,-116,-114,-116,-120,-119,-113,-112,-110,-114,-87,-84,-76,-86,-95,-84,-52,-63,-65,-68,-49,-52,-45,-87,-30,-88,-76,-96,-118,-237,-231,-230,-230,-219,-228,-232,-218,-297,-193,-212,-211,-359,-318,-491,-444,-498,-325,-575,-585,-579,-570,-579,-518,-492,-475,-482,-404,-352,-320,-321,-318,-318,-318,-295,-291,-372,-343,-445,-436,-473,-434,-1098,-987,-949,-405]} 1. Nf3 Nf6 2. g3 b6 3. Bg2 Bb7 4. O-O g6 5. c4 Bg7 6. Nc3 O-O 7. d4 {[%cal Bd2d4,Bd4d5][%mdl 32]} Ne4 8. Bd2 {A50: Queen's Fianchetto Defence (1 d4 Nf6 2 c4 b6)} d6 {LiveBook: 12 Games} (8... e6 9. Nxe4 Bxe4 10. Bc3 c5 11. Rc1 Nc6 12. e3 Qc7 13. Qd2 Qb7 14. Ne1 cxd4 15. exd4 Ne7 {½-½ (43) Lenic,L (2662)-Vachier Lagrave,M (2789) chess.com INT 2018}) 9. Rc1 Nd7 10. d5 {The position is equal.} Nxd2 11. Qxd2 a5 $146 ({Predecessor:} 11... Ne5 12. Nxe5 Bxe5 13. f4 Bg7 14. Nb5 Qd7 15. Nd4 Qa4 {1-0 (48) Meskovs,N (2535)-Moiseenko,V (2495) Finland 2018}) 12. Nd4 Nc5 13. Nb3 a4 14. Nxc5 bxc5 15. Qc2 Qd7 16. e3 Rfb8 17. Rb1 Bc8 18. h3 Rb4 19. Ne4 Qe8 20. Nd2 Bf5 21. e4 Bd7 22. f4 Bd4+ 23. Kh2 Qb8 {[%cal Rb4b2]} 24. b3 Qa7 25. Nf3 Bg7 26. Rf2 axb3 27. axb3 Qa3 28. g4 Rab8 {[%cal Rb4b3]} 29. Nd2 Bd4 30. Re2 e5 $36 {[%mdl 2048] Black is more active.} 31. f5 f6 (31... R4b7 $17 32. Qd1 Qb4) 32. fxg6 (32. h4 $11 {keeps the balance.}) 32... hxg6 $17 33. Rf1 Rf8 34. g5 (34. Qd3 $17 {keeps fighting.}) 34... fxg5 $19 35. Rxf8+ Kxf8 36. Re1 {[#]} Kg7 $1 37. Qd3 {[#]} Qa8 $1 38. Nf3 Qd8 39. Rf1 g4 40. Nxd4 (40. hxg4 $142 Bxg4 41. Bh3 Bxh3 42. Kxh3) 40... cxd4 41. hxg4 (41. Qg3 {only move.} Qg5 42. hxg4) 41... Qh4+ 42. Kg1 Qxg4 43. Qd2 $2 (43. Rf2) 43... Rxb3 44. Qf2 {[#] Threatening mate with Qf8+.} Qf4 $1 45. Qxf4 exf4 46. Rxf4 {[%mdl 4096] Endgame KRB-KRB} Rc3 47. Bf1 d3 48. Rf2 {If only White now had time for Rd2....} Ba4 49. Rd2 Bc2 ({Much less strong is} 49... Rxc4 50. Bxd3 Rd4 51. Kf2 $19) 50. Kf2 Kf6 ({Less strong is} 50... Rxc4 51. Ke3 $19) 51. Ke3 Ke5 ({Not} 51... Rxc4 52. Bxd3 Bxd3 53. Kxd3 $17) 52. Rg2 Rxc4 53. Rg4 Ra4 {Black is clearly winning.} 54. Bg2 {[#]} d2 $1 55. Rxg6 (55. Kxd2 $142 Bxe4 56. Bxe4 Rxe4 57. Rxg6) 55... d1=N+ 56. Kd2 Bxe4 {Precision: White = 28%, Black = 73%.} (56... Ra2 $142 57. Rg7 Kf6) 0-1

[Event "Legislatura Portena Open 2019"]
[Site "Buenos Aires"]
[Date "2019.03.29"]
[Round "9.4"]
[White "Romero Barreto, Jaime Jose"]
[Black "Acosta, Pablo Ismael"]
[Result "1/2-1/2"]
[WhiteElo "2337"]
[BlackElo "2467"]
[Annotator "TA"]
[PlyCount "76"]
[EventDate "2019.03.20"]
[EventType "swiss"]
[EventCountry "ARG"]
[SourceTitle "playchess.com"]
[Source "ChessBase"]
[SourceQuality "1"]

{[%evp 17,76,-3,-7,-34,-33,-66,-63,-64,-52,-84,-54,-81,-77,-106,-101,-270,-289,-336,-325,-331,-344,-349,-341,-339,-316,-341,-356,-432,-285,-280,-161,-160,-110,-97,-80,-80,-99,-362,-206,-187,-193,-195,-90,-89,0,0,0,0,398,0,0,0,0,0,0,0,0,0,0,0,0]} 1. e4 c5 2. Nf3 e6 3. d4 cxd4 4. Nxd4 Nc6 5. Nc3 Qc7 6. f4 a6 7. Be3 b5 8. Nxc6 Qxc6 9. Be2 Ba3 10. bxa3 {B49: Sicilian: Taimanov: 5 Nc3 Qc7 6 Be3 a6 7 Be2} (10. Nxb5 axb5 11. bxa3 Qxe4 12. Bd4 Bb7 13. Qd3 Ne7 14. Qxe4 Bxe4 15. Bxb5 Bxc2 16. Rc1 Ba4 17. Bd3 Bc6 {0-1 (46) Ponomariov,R (2731)-Ivanchuk,V (2731) Beijing 2013}) 10... Qxc3+ 11. Kf2 {aiming for Bd4.} Nf6 12. Bf3 {Black is slightly better.} Bb7 13. Bd4 Qxa3 14. Re1 O-O 15. Bxf6 $146 ({Predecessor:} 15. Re3 Qe7 16. Kg1 d5 17. e5 Ne4 18. Bxe4 dxe4 {1-0 (33) Manduch,M-Kotenko,G ICCF corr 1987}) 15... gxf6 16. Qxd7 $2 (16. c3 $17) 16... Qc5+ $19 17. Kg3 {[#]} Rfd8 $1 {[%cal Rd8d7]} 18. Qxb7 Ra7 {[%mdl 64] Trapped Piece} 19. Rad1 Rxb7 20. Rxd8+ Kg7 21. Red1 Rc7 (21... Qxc2 22. R8d2 $19) 22. Ra8 Rc8 23. Rxa6 h5 ({Weaker is} 23... Qxc2 24. Rd7 $17) (23... Kh8 $142 24. h3 Qxc2) 24. Rd7 h4+ ({Not} 24... Qe3 25. Rxe6 Qe1+ 26. Kh3 $11) 25. Kh3 Rc7 26. Rd8 {Threatens to win with Raa8.} Ra7 ({Wrong is} 26... Qxc2 $2 27. Raa8 $18) 27. Rad6 $2 {[%mdl 8192]} (27. Rxa7 $17 Qxa7 28. Rc8) 27... Rxa2 (27... f5 $142 28. e5 Qe3) 28. f5 exf5 29. Rd5 Qc7 (29... Qxc2 $19 {and Black stays clearly on top.} 30. exf5 Qb1) 30. exf5 $17 Rxc2 (30... Ra4 $17 31. R8d7 Qc3) 31. Re8 $1 $11 {Hoping for Rdd8.} Qf4 {...Rc3 is the strong threat.} 32. Re4 Qc1 $2 {[%mdl 8192] [#]} (32... Qb8 $11 {and Black stays safe.}) 33. Rg4+ $2 (33. Rd1 $1 $18) 33... Kh7 $1 {The position is equal.} 34. Rxh4+ Kg7 35. Rg4+ Kh7 $1 36. Rh4+ Kg7 37. Rg4+ Kh7 $1 38. Rh4+ Kg7 {Accuracy: White = 53%, Black = 70%.} 1/2-1/2

[Event "Legislatura Portena Open 2019"]
[Site "Buenos Aires"]
[Date "2019.03.29"]
[Round "9.5"]
[White "Slipak, Sergio"]
[Black "Pierrot, Facundo"]
[Result "1/2-1/2"]
[WhiteElo "2427"]
[BlackElo "2383"]
[Annotator "TA"]
[PlyCount "41"]
[EventDate "2019.03.20"]
[EventType "swiss"]
[EventCountry "ARG"]
[SourceTitle "playchess.com"]
[Source "ChessBase"]
[SourceQuality "1"]

{[%evp 19,20,12,21]} 1. Nf3 d5 2. g3 Nf6 3. Bg2 e6 4. O-O Be7 5. d4 O-O 6. c4 dxc4 7. Qc2 a6 8. Qxc4 b5 9. Qc2 Bb7 10. Bd2 Be4 {LiveBook: 1267 Games} {Predecessor:} 11. Qc1 $146 Bb7 12. Rd1 Qc8 13. Ba5 c5 14. dxc5 Bxc5 15. Nbd2 Nbd7 16. Nb3 Ba7 17. Qf4 Nb6 18. Bxb6 Bxb6 19. Rac1 Qe8 20. Ne5 Bxg2 21. Kxg2 {½-½ (75) Ding,L (2813)-Radjabov,T (2757) Wijk aan Zee 2019} 1/2-1/2

[Event "Legislatura Portena Open 2019"]
[Site "Buenos Aires"]
[Date "2019.03.29"]
[Round "9.6"]
[White "Zapata Charles, Santiago"]
[Black "Perez, Maximiliano"]
[Result "0-1"]
[WhiteElo "2303"]
[BlackElo "2418"]
[Annotator "TA"]
[PlyCount "73"]
[EventDate "2019.03.20"]
[EventType "swiss"]
[EventCountry "ARG"]
[SourceTitle "playchess.com"]
[Source "ChessBase"]
[SourceQuality "1"]

{[%evp 19,73,14,28,18,20,17,19,0,16,31,43,28,47,21,35,0,0,0,0,0,0,0,-5,-10,-15,-14,16,7,9,-14,-16,-55,-27,-41,-14,-132,-139,-151,-141,-195,-193,-185,-182,-305,-313,-305,-304,-302,-269,-274,-236,-360,-342,-602,-594,-612]} 1. e4 e5 2. Bc4 Nf6 3. d3 Bc5 4. Nf3 Nc6 5. O-O O-O 6. Nbd2 {C50: Hungarian Defence and Giuoco Pianissimo} a6 7. h3 d6 8. a4 Ba7 9. c3 h6 10. Re1 Be6 {LiveBook: 50 Games} 11. Bxe6 fxe6 12. b4 Nh5 13. Nc4 Qf6 14. Ra2 b5 {[#]} 15. Na3 $146 Rab8 16. Kh1 Qf7 17. Be3 Bxe3 18. Rxe3 Nf4 19. Ng1 d5 20. g3 Nh5 21. axb5 axb5 22. Nc2 Ra8 23. Rxa8 Rxa8 24. Kg2 d4 $36 {[%mdl 2048] Black has good play.} 25. Rf3 Qd7 26. Ne2 Qd6 27. Qc1 (27. Qb1 $11 {keeps the balance.}) 27... dxc3 $17 28. Nxc3 Nxb4 29. Nxb5 (29. Qb2 $17 {is a better defense.} Nxc2 30. Qxc2) 29... Qc5 $19 ({Weaker is} 29... Nxd3 30. Qf1 $16 (30. Nxd6 Nxc1 31. Nf7 c5 $11)) 30. Nba3 {[#]} Nxc2 $1 31. Nxc2 (31. Qxc2 $142 Qxa3 32. Qxc7) 31... Ra2 32. Qb1 Rxc2 ({And not} 32... Qxc2 33. Qb8+ Kh7 34. Qe8 $11) 33. Qb8+ Kh7 34. Qe8 Nf6 35. Qxe6 (35. Qf7 $142 Kh8 36. Qxe6) 35... Qd6 36. Qf7 $2 {[#]} (36. Qf5+ Kg8 37. h4) 36... Rc3 37. Rf5 {Accuracy: White = 46%, Black = 68%.} 0-1

[Event "Legislatura Portena Open 2019"]
[Site "Buenos Aires"]
[Date "2019.03.29"]
[Round "9.7"]
[White "Tristan, Leonardo"]
[Black "Fiorito, Fabian"]
[Result "1-0"]
[WhiteElo "2504"]
[BlackElo "2366"]
[Annotator "TA"]
[PlyCount "61"]
[EventDate "2019.03.20"]
[EventType "swiss"]
[EventCountry "ARG"]
[SourceTitle "playchess.com"]
[Source "ChessBase"]
[SourceQuality "1"]

{[%evp 25,61,11,18,25,34,20,16,8,14,14,14,0,51,52,84,74,81,79,126,145,135,136,125,104,274,260,260,271,277,277,265,260,262,276,262,279,293,283]} 1. d4 d5 2. c4 e6 3. Nc3 Nf6 4. cxd5 Nxd5 5. e4 Nxc3 6. bxc3 c5 7. Nf3 cxd4 8. cxd4 Bb4+ 9. Bd2 Bxd2+ 10. Qxd2 O-O 11. Bc4 b6 12. O-O Bb7 13. Rfe1 Nd7 14. a4 {D41: Queen's Gambit Declined: Semi-Tarrasch with 5 cxd5} (14. Rad1 Rc8 15. Bb3 Re8 16. h4 h6 17. Qf4 Qc7 18. Qxc7 Rxc7 19. d5 Nc5 20. d6 Rd7 21. Bc4 Red8 22. e5 Bxf3 23. gxf3 {1-0 (35) Vachier Lagrave,M (2779)-Dominguez Perez,L (2739) chess.com INT 2018}) 14... Rc8 15. Bd3 a5 16. Rab1 {The position is equal.} h6 17. Qb2 $146 ({Predecessor:} 17. Qf4 Rc3 18. Red1 Qe7 19. h4 Rfc8 20. Bb5 Nf6 21. Re1 Qc7 {0-1 (48) Antonsen,M (2470)-Hansen,C (2625) Svendborg 2015}) 17... Qc7 18. Qa3 Nf6 (18... Rfd8 $11) 19. Ne5 $14 Rfd8 20. Rec1 Qd6 21. Qxd6 Rxc1+ 22. Rxc1 Rxd6 {[#]} 23. f3 $1 {Black must now prevent Rc7.} Nd7 24. Bb5 $36 {[%mdl 2048] White has strong initiative.} Nb8 $2 (24... Nxe5 $16 25. dxe5 Rd8) 25. Rc7 {White has a decisive advantage.} Ba6 26. Bxa6 Nxa6 27. Rc8+ (27. Rxf7 Rxd4 28. Rb7 Rb4 $11) 27... Kh7 28. Rh8+ $1 {[%mdl 64] [#] Decoy} ({Not} 28. Nxf7 Rxd4 29. Rc6 Nc5 $11) 28... Kxh8 29. Nxf7+ {[%mdl 64] Double Attack} Kg8 30. Nxd6 Nb4 31. Nc4 {Accuracy: White = 77%, Black = 39%.} 1-0

[Event "Legislatura Portena Open 2019"]
[Site "Buenos Aires"]
[Date "2019.03.29"]
[Round "9.8"]
[White "Spata, German"]
[Black "Hungaski, Robert"]
[Result "1/2-1/2"]
[WhiteElo "2320"]
[BlackElo "2505"]
[Annotator "TA"]
[PlyCount "36"]
[EventDate "2019.03.20"]
[EventType "swiss"]
[EventCountry "ARG"]
[SourceTitle "playchess.com"]
[Source "ChessBase"]
[SourceQuality "1"]

{[%evp 18,19,33,6]} 1. Nf3 d5 2. g3 g6 3. Bg2 Bg7 4. d4 Nf6 5. O-O O-O 6. c4 c6 7. cxd5 cxd5 8. Nc3 Nc6 9. Ne5 e6 10. f4 {Predecessor:} Bd7 $146 11. e3 Rc8 12. Bd2 Be8 13. Rc1 Nd7 14. Nd3 a6 15. Kh1 Nb6 16. b3 Qe7 17. Rc2 Bd7 18. Nc5 Rc7 {1-0 (62) Vasquez Schroder,R (2506)-Andreikin,D (2645) ICC INT 2010} 1/2-1/2

[Event "Legislatura Portena Open 2019"]
[Site "Buenos Aires"]
[Date "2019.03.29"]
[Round "9.9"]
[White "Saldano Dayer, Horacio"]
[Black "Bustos, Cristian"]
[Result "1-0"]
[WhiteElo "2422"]
[BlackElo "1999"]
[Annotator "TA"]
[PlyCount "135"]
[EventDate "2019.03.20"]
[EventType "swiss"]
[EventCountry "ARG"]
[SourceTitle "playchess.com"]
[Source "ChessBase"]
[SourceQuality "1"]

{[%evp 16,135,27,27,32,20,23,18,41,33,39,10,76,86,78,72,67,62,79,56,61,31,37,34,79,84,89,90,106,35,43,-79,62,0,0,0,13,0,61,-16,-15,-16,-5,-32,-19,-29,-27,-27,-31,-58,-26,-108,-33,-33,-33,-72,0,-60,-36,-87,-28,-25,-19,-60,-49,-51,-30,-75,-60,-58,-58,-58,-43,-29,-29,-46,52,5,41,-53,64,-18,67,0,0,0,0,6,52,24,22,0,0,-87,27,0,0,0,0,0,0,0,45,0,226,-12,-34,-27,774,778,747,735,655,671,2039,1414,1356,1204,1058,1026,29991,1077]} 1. Nf3 Nf6 2. c4 e6 3. g3 d5 4. Bg2 Be7 5. O-O O-O 6. b3 Nbd7 7. Bb2 c6 8. e3 {A14: English Opening: 1...e6 with b3 by White} a5 (8... b6 9. Nc3 Bb7 10. Qe2 e5 11. d4 e4 12. Nh4 Re8 13. f3 exf3 14. Qxf3 Bb4 {1-0 (30) Mareco,S (2643)-Beerdsen,T (2469) Vlissingen 2018}) 9. Nc3 {LiveBook: 12 Games} Ne4 10. Qc2 $146 {White is slightly better.} ({Predecessor:} 10. Nxe4 dxe4 11. Nd4 Nc5 12. Qg4 g6 13. Qe2 f5 14. Ba3 e5 15. Bxc5 Bxc5 {0-1 (23) Balic,A (2071)-Mijovic,S (2413) Niksic 2016}) 10... Nxc3 11. Bxc3 Bf6 12. d4 Re8 13. Rab1 dxc4 (13... b5 $11) 14. bxc4 $16 e5 15. Rfd1 $36 {[%mdl 2048] And now dxe5 would win. Black is under strong pressure.} exd4 16. exd4 Nb6 17. Qb3 Ra6 18. Ne5 Bf5 19. Rbc1 Qe7 20. Re1 {Threatens to win with Nxc6.} a4 21. Qb2 {Black must now prevent Nxc6.} Be6 {[#]} 22. Bb4 (22. Bf1 $1 $16) 22... Qd8 $14 23. Rcd1 (23. Re4 $14 {keeps the upper hand.}) 23... Qc7 (23... Nxc4 $17 24. Qe2 Bxe5 25. dxe5 Qb6) 24. c5 (24. Qc3 $14) 24... Nd5 $11 25. Bd2 Raa8 26. Nc4 Red8 (26... a3 $11 27. Qa1 Qd7) 27. Nd6 (27. Bxd5 $14 cxd5 28. Bf4) 27... b5 28. a3 Be7 29. Ne4 (29. Bxd5 $5 Bxd5 30. Bb4 $11) 29... h6 30. Rc1 Qd7 31. h4 Re8 32. Rcd1 Rad8 33. Qc1 (33. Ba5 $11) 33... Bf8 (33... Bg4 $17 34. f3 Be6) 34. Ba5 $15 Ra8 35. Bd2 Rad8 (35... Bg4 $17 36. f3 Be6) 36. Kh2 (36. Ba5 $1 $11) 36... Qc7 37. Kh1 (37. Qc2 $15) 37... Qc8 (37... Bg4 $17 38. Nc3 Nxc3 {[%mdl 64] Discovered Attack} 39. Bxc3 Bxd1 40. Rxe8 Rxe8 41. Qxd1 Be7) 38. Ba5 $11 Rd7 $1 39. Kh2 Qa8 40. Bd2 Qd8 41. f3 Qc7 42. Nf2 Rde7 43. Re5 Bd7 44. f4 Nf6 45. Rde1 Nd5 (45... Be6 $15) 46. Nd3 Nf6 47. Nf2 (47. Kg1 $14) 47... Nd5 (47... Be6 $1 $15) 48. Qd1 ({White should try} 48. Bxd5 $14 cxd5 49. Nd3) 48... Qc8 ({Black should play} 48... Be6 $11) 49. Ne4 (49. Bxd5 $14 cxd5 50. Qf3) 49... Bg4 50. Bf3 Bxf3 51. Qxf3 Rxe5 52. fxe5 Qe6 53. Rf1 Rd8 54. g4 {[#]} (54. Kg2 $11) 54... Be7 (54... Nf6 $1 $17 {[%cal Rf6g4]} 55. Nd6 Nxg4+ 56. Kg1 f6) 55. g5 hxg5 56. Bxg5 Rd7 57. Rg1 Bxg5 58. Rxg5 Kf8 59. Nd6 Qh6 $2 (59... Ra7 $11) 60. Rh5 $2 (60. Nf5 $18 Qh8 61. Rxg7) 60... Qd2+ {[%mdl 64] Double Attack} 61. Kh3 Nf4+ $2 {[%mdl 8192] [#]} (61... Kg8 $11 62. Rf5 Qc3) 62. Qxf4 $1 $18 {[%mdl 512] Intending Rh8+ and mate.} Qd3+ (62... Qxf4 63. Rh8+) 63. Qg3 Qf1+ 64. Qg2 Qd3+ 65. Kh2 {White wants to mate with Rh8+.} g6 66. Rh8+ Kg7 67. Rc8 {Ne8+ would kill now.} Qxd4 68. Nf5+ {[%mdl 64] Double Attack. Accuracy: White = 26%, Black = 31%.} 1-0

[Event "Legislatura Portena Open 2019"]
[Site "Buenos Aires"]
[Date "2019.03.29"]
[Round "9.10"]
[White "Rodriguez, Jorge Luis"]
[Black "Coro, Lucas"]
[Result "1-0"]
[WhiteElo "2385"]
[BlackElo "2276"]
[Annotator "TA"]
[PlyCount "67"]
[EventDate "2019.03.20"]
[EventType "swiss"]
[EventCountry "ARG"]
[SourceTitle "playchess.com"]
[Source "ChessBase"]
[SourceQuality "1"]

{[%evp 29,67,16,8,10,22,0,0,-35,46,33,23,10,24,16,77,60,82,17,52,25,33,3,43,36,197,199,207,212,201,202,200,195,201,195,179,156,175,169,750,742]} 1. e4 c6 2. d4 d5 3. Nd2 dxe4 4. Nxe4 Bf5 5. Ng3 Bg6 6. h4 h6 7. Nf3 Nd7 8. h5 Bh7 9. Bd3 Bxd3 10. Qxd3 e6 11. Bd2 Ngf6 12. O-O-O Be7 13. Ne4 Nxe4 14. Qxe4 Nf6 15. Qe2 Qd5 16. Kb1 {B19: Classical Caro-Kann: 4...Bf5 main line} Qe4 17. Qf1 (17. Qxe4 Nxe4 {½-½ (17) Bacallao Alonso,Y (2582)-Iturrizaga Bonelli,E (2628) Buenos Aires 2018}) 17... O-O 18. Bc1 {The position is equal.} Nd5 $146 (18... Rad8 $15) ({Predecessor:} 18... Qf5 19. Ne5 c5 20. g4 Nxg4 21. Nxg4 Qxg4 22. Bxh6 {0-1 (38) Ly,D (1914)-Dragnev,V (1912) Linz 2013}) 19. Ne5 Nb4 20. Nd3 a5 {[%cal Ba7a5,Ba5a4,Ba4a3][%mdl 32]} 21. c3 {White wants to play f3.} Na6 (21... Nxd3 $11 {remains equal.} 22. Qxd3 Qxd3+ 23. Rxd3 Bd6) 22. f3 $16 Qh7 23. Qe2 (23. Ka1 $1 $16) 23... a4 24. Ka1 a3 $1 25. b3 b5 26. Ne5 $36 {[%mdl 2048] White is pushing.} c5 $2 {[#]} ({Black should try} 26... Nc7 $14) 27. Ng6 $1 $18 {[%cal Rg6e7][%mdl 512]} Rfe8 (27... fxg6 28. Qxe6+) 28. Nxe7+ Rxe7 29. dxc5 ({Weaker is} 29. Bxa3 Rea7 $11) ({Don't do} 29. Qxb5 $6 cxd4 30. Qb6 (30. Rxd4 Qc2 $16) (30. cxd4 Qc2 $11) 30... Rc7 $16) 29... Nxc5 30. Qxb5 Rc7 {[#]} 31. Qe2 $1 Qf5 32. Rd4 Nb7 33. Qd3 Qa5 $2 (33... Qf6 34. Kb1 Rcc8) 34. Ra4 {Accuracy: White = 53%, Black = 24%.} 1-0